|
|
|
|
| LEADER |
01008nam a2200205 u 4500 |
| 001 |
10042584 |
| 003 |
GR-PaULI |
| 005 |
20250307121921.0 |
| 008 |
250307s1986 gr ba 1 gre d |
| 040 |
|
|
|a GR-PaULI
|c GR-PaULI
|b gre
|e AACR2
|
| 082 |
0 |
4 |
|a 949.503
|2 23
|
| 100 |
1 |
|
|a Σαββίδης, Αλέξιος Γ. Κ.
|d 1955-
|9 866
|e συγγραφέας.
|
| 245 |
1 |
0 |
|a Μελέτες βυζαντινής ιστορίας :
|b 11ου-13ου αιώνα /
|c Αλέξης Γ. Κ. Σαββίδης.
|
| 260 |
|
|
|a Αθήνα :
|b Καρδαμίτσας,
|c 1986.
|
| 300 |
|
|
|a 235 σ. :
|b εικ., χάρτες ;
|c 21 εκ.
|
| 504 |
|
|
|a Περιλαμβάνει βιβλιογραφία και ευρετήριο.
|
| 651 |
|
4 |
|a Βυζαντινή Αυτοκρατορία
|x Ιστορία
|y 1081-1453.
|9 78840
|
| 942 |
|
|
|2 ddc
|c BK
|
| 952 |
|
|
|0 0
|1 0
|2 ddc
|4 0
|6 949_503000000000000_ΣΑΒ
|7 0
|9 388329
|a LISP
|b LISP
|c DON
|d 2025-03-07
|e ΠΑΝ
|i 095906
|l 0
|o 949.503 ΣΑΒ
|p 025000166540
|r 2025-03-07 12:19:46
|t 1
|w 2025-03-07
|y BKN
|
| 999 |
|
|
|c 225317
|d 225317
|